Quizzes
Events
Quiz Creation
Community
Videos
Private Events
Remove Ads
Sign In
Join for FREE
Feedback
Dark Mode
Quiz Categories
Sports
Geography
Music
Movies
Television
Just For Fun
Miscellaneous
History
Literature
Language
Science
Gaming
Entertainment
Religion
Holiday
For Kids
Quiz Lab
Recent
Popular Today
Quiz Kudos Today
Editor Picks
Curator Picks
Quizzes by...
Day
Popularity
Type
Ratings
Length
Year
Community
Subscriptions
Recent Discussions
Orange Saloon
Badges
Playlists
Quests
Create
Leaderboards
Showdown
Live 5
Trivia Bingo
Activity
Puzzle Library
Sporcle Events
Private Events
Virtual Trivia
Globe League
Become a Host
Pub Owners
SporcleCon
Opinionation
Our Games
Videos
Blog
Mobile Apps
Partnerships
Remove Ads and Go Orange
Feedback
Sports
Athletes
MLB
NBA
NHL
NFL
Soccer
Sports Teams
WWE
NCAA
Football
Premier League
Basketball
Baseball
Hockey
Golf
Tennis
Cricket
Rugby
Auto Racing
Olympics
World Cup
Sports
Athletes
MLB
NBA
NHL
NFL
Soccer
Sports Teams
WWE
NCAA
Football
Premier League
Basketball
Baseball
Hockey
Golf
Tennis
Cricket
Rugby
Auto Racing
Olympics
World Cup
Random Quiz
Search Sporcle
×
Quiz Lab
Quiz Lab
Sports
Baseball
Type in answers that appear in a list
Type in answers that appear in a list
Classic
Best Score? Go Orange.
Athletes who wore #13 & #14 Stats
Can you name the athletes who wore the #13 or #14 on their jersey?
By
geowiz85
7m
25 Questions
104 Plays
104 Plays
104 Plays
Comments
Comments
Give Quiz Kudos
Give Quiz Kudos
-
- Ratings
hide this ad
More Info
Replay
Link that replays current quiz
Next Quiz
Link to next quiz in quiz playlist
You Got
0%
They Got
Avg Score
37%
Avg Friend Score
Upgrade to see
Score Distribution
Jump to the score distribution portion of the page
Score
0/25
Timer
07:00
0
Plays Today
Primary Team
Player
% Correct
Miami Dolphins
Dan Marino
84.6%
New York Yankees
Alex Rodriguez
71.2%
Cincinnati Reds
Pete Rose
69.2%
Philadelphia Warriors
Wilt Chamberlain
60.6%
Phoenix Suns
Steve Nash
57.7%
Chicago Cubs
Ernie Banks
49%
San Diego Chargers
Dan Fouts
46.2%
Iowa Barnstormers
Kurt Warner
41.3%
Boston Red Sox
Jim Rice
41.3%
Tampa Bay Rays
Carl Crawford
39.4%
Buffalo Sabres
Rene Robert
38.5%
Cincinnati Reds
Dave Concepcion
37.5%
Boston Celtics
Bob Cousy
35.6%
Primary Team
Player
% Correct
Chicago White Sox
Ozzie Guillen
34.6%
Toronto Maple Leafs
Mats Sundin
33.7%
Cincinnati Royals
Oscar Robertson
31.7%
Cleveland Browns
Otto Graham
28.8%
New York Giants
Y.A. Tittle
27.9%
New York Jets
Don Maynard
25%
Cleveland Indians
Larry Doby
21.2%
Utah Jazz
Jeff Hornacek
19.2%
Green Bay Packers
Don Hutson
17.3%
Germany soccer
Michael Ballack
14.4%
Philadelphia Phillies
Jim Bunning
12.5%
San Antontio Spurs
James Silas
2.9%
Quiz Playlist
Details
Report
Send in Message
Add To Playlist
More Info:
*- Years refers to the time spent with the primary team listed with this number. The first twelve wore #13, second thirteen wore #14.
Classic:
Type in answers that appear in a list
Last Updated: Feb 16, 2017
Quiz Scoreboard
CHALLENGE
Sign Up to Join the Scoreboard
Show All
Scores
Hide
Comments
May contain spoilers
Recently Published
Decade Duel: World Leaders
by jenniferyan
History
4m
Alphabetical 'K' Countries by Flag Minefield
by ylime102
Geography
3m
Pick 6: Fruits
by JohnFran
Miscellaneous
15s
More to Explore
Quiz From the Vault
Featured Blog Post
15 Basketball Trivia Facts You Can Be March Mad About
hide this ad
You Might Also Like...
Tags
Baseball Quiz
Basketball Quiz
MLB Quiz
NBA Quiz
NFL Quiz
NHL Quiz
Soccer Quiz
Jersey Numbers
Today's Top Quizzes in Sports
Browse Sports
hide this ad
Today's Top Quizzes in Baseball
Browse Baseball
Top Contributed Quizzes in Sports
1
Les joueurs à 100 buts en Ligue 1 Uber Eats
2
Pick 6: NFL Teams
3
2022 World Cup Stars
4
MLB 2 truths and a lie: Hall of Fame pitchers
5
Pick 6: Minor League Baseball
6
Millionaire: NBA Finals Edition
7
Click the 1998 NBA Draft
8
Criteria MLB: Left Handed Sluggers
9
Pick 6: Olympics
10
Pick 6: NFL WRs
Explore More
Trending Topics
Anime
NBA
Harry Potter
Kpop
Disney
Crossword
Marvel
Pokémon
Puzzle
Song
WWE
Country
Soccer
The Office
NFL
hide this ad
More By:
geowiz85
Quiz
Plays
Rating
Category
Featured
Created
Actors by Most AFI Top 100 Films
123,718
4.57
Movies
Nov 24, 2010
Biggest North American Cities on Rivers
101,419
3.83
Geography
Jun 9, 2010
Movie Antonyms All Men Should Know
4,704
2.48
Movies
Mar 31, 2010
1985 Chicago Bears
3,257
3.90
Sports
Oct 2, 2009
US Highest Crime Rates
2,433
4.40
Geography
Dec 6, 2009
Go to Creator's Profile
Score Distribution
Quiz Creator Spotlight
geowiz85
Follow
Send a Message
Quizzes Created
-
Created Quiz Play Count
-
More By This Creator
Popular Quizzes Today
1
Countries of Asia Without Outlines Minefield
2
Find the US States - No Outlines Minefield
3
Pick 6: Fruits
4
Alphabetical 'K' Countries by Flag Minefield
5
The Countries of the World
6
Find the Countries of Europe - No Outlines Minefield
7
Find the US States
8
US States
More Sports Quizzes
Lewis or Nico?: Wins (2016)
Curator's Pick
Trending Quizzes
Pick 6: Mountains
Pick 6: Harry Potter
Pick 6: Flags
Pick 6: NFL Teams
Pick 6: Movie Franchises
Recently Updated
Adaptations: Name the Title
pecheneg
NWSL Teams
pecheneg
Women's Final Four Teams by Year
bhenderson79
Presidents Quartet II
eogle
Anything But Clue(do)
eogle
Anything But Oceanian Capitals
eogle
Anything But 7
eogle
Anything But Thing
eogle
Word Ladder: February 29
pecheneg
Song Title Questions
pecheneg
Trending Topics
Anime
Disney
NBA
Harry Potter
Crossword
Kpop
Marvel
Song
Puzzle
The Office
Pokémon
NFL
Soccer
Country
WWE
Your Account Isn't Verified!
In order to create a playlist on Sporcle, you need to verify the email address you used during registration. Go to your
Sporcle Settings
to finish the process.
Report this User
Report this user for behavior that violates our
Community Guidelines
.
Details:
Send Report
Go to the Sporcle.com Mobile Site →
Comments